000 00293cam a2200145ua 4500
001 1649
008 120417n II |||gr||||Z||||||eng
040 _aMAIN
041 _aEnglish
082 _a355.54 DAS
100 _aDAS , S.T.
245 _aINDIAN MILITARY
300 _c20CM.
942 _cBK
999 _c1647
_d1647